[Event "BL 8182 HSK-FH Hamburg"]
[Site "?"]
[Date "1981.??.??"]
[Round "?.5"]
[White "Kordsachia, T."]
[Black "Jacoby, G."]
[Result "1-0"]
[WhiteElo "2350"]
[BlackElo "2270"]
[PlyCount "63"]
[EventDate "1981.??.??"]

1. Nf3 g6 2. d4 Bg7 3. e4 d6 4. Nc3 Nf6 5. Be2 O-O 6. h3 c5 7. d5 b5 8. Bxb5
Nxe4 9. Nxe4 Qa5+ 10. Nc3 Bxc3+ 11. bxc3 Qxb5 12. Nd2 c4 13. Nf1 Nd7 14. Bh6
Re8 15. Ne3 Nb6 16. O-O Na4 17. Qd4 f6 18. Rfb1 Qc5 19. Rb4 Qxd4 20. cxd4 Nb6
21. a4 Ba6 22. a5 Nd7 23. Nxc4 Rac8 24. Na3 Kf7 25. Bd2 f5 26. f3 Nf6 27. c4 e6
28. dxe6+ Rxe6 29. Re1 Rxe1+ 30. Bxe1 d5 31. Nb5 Rd8 32. c5 1-0

[Event "BL 8182 HSK-FH Hamburg"]
[Site "?"]
[Date "1981.??.??"]
[Round "?.6"]
[White "Pokern, N."]
[Black "Schmidt, Wo"]
[Result "0-1"]
[WhiteElo "2240"]
[BlackElo "2295"]
[PlyCount "74"]
[EventDate "1981.??.??"]

1. d4 g6 2. Nf3 Bg7 3. c4 d6 4. Nc3 Nc6 5. g3 Nf6 6. Bg2 O-O 7. O-O e5 8. d5
Ne7 9. Ne1 Ne8 10. e4 c5 11. Nd3 f5 12. Kh1 Nf6 13. f3 h6 14. f4 Nxe4 15. Nxe4
fxe4 16. Bxe4 Bf5 17. Bxf5 Nxf5 18. fxe5 Bxe5 19. Nxe5 dxe5 20. g4 Nd4 21. Bxh6
Rxf1+ 22. Qxf1 Qh4 23. g5 Nf5 24. Qe1 Qxe1+ 25. Rxe1 Re8 26. h4 e4 27. Kh2 Nxh4
28. Kg3 Nf5+ 29. Kf4 e3 30. Kf3 e2 31. b3 Nd4+ 32. Kf2 Re5 33. a3 a5 34. b4
axb4 35. axb4 cxb4 36. d6 b3 37. d7 Nc6 0-1

[Event "BL 8182 HSK-FH Hamburg"]
[Site "?"]
[Date "1981.??.??"]
[Round "?.7"]
[White "Gergs, W."]
[Black "Zieher, H."]
[Result "1/2-1/2"]
[WhiteElo "2240"]
[BlackElo "2280"]
[PlyCount "114"]
[EventDate "1981.??.??"]

1. e4 e5 2. Nc3 Nc6 3. Bc4 Bc5 4. d3 Nf6 5. Nf3 d6 6. Na4 Bb6 7. Nxb6 axb6 8.
Bb3 Be6 9. Bg5 h6 10. Be3 O-O 11. O-O d5 12. exd5 Nxd5 13. Qe2 Re8 14. Rfe1 Bg4
15. h3 Bh5 16. g4 Bg6 17. Nd2 Na5 18. f3 Qd7 19. Nf1 Qc6 20. Bxd5 Qxd5 21. Ng3
Nc6 22. b3 Nd4 23. Bxd4 Qxd4+ 24. Qf2 Qc3 25. Nf1 b5 26. Qd2 Qd4+ 27. Qe3 b4
28. Qxd4 exd4 29. Rxe8+ Rxe8 30. Kf2 Ra8 31. Ng3 Kf8 32. Ne4 Ke7 33. f4 f5 34.
Nd2 Kf6 35. Nc4 b5 36. Ne5 Be8 37. Nf3 c5 38. g5+ hxg5 39. Nxg5 Bc6 40. Re1 Re8
41. Rxe8 Bxe8 42. Nf3 Ke6 43. Ke1 Bh5 44. Nh4 g6 45. Kd2 Kd5 46. Ng2 Kd6 47.
Ke1 Ke6 48. Kf2 Bd1 49. Ne1 Kf6 50. Kg3 Kg7 51. Kh4 Kf6 52. Kg3 g5 53. fxg5+
Kxg5 54. Nf3+ Kf6 55. Ne1 Ke5 56. Nf3+ Kd5 57. Ne1 Ke5 1/2-1/2

[Event "BL 8182 Solingen-Düsseldorf"]
[Site "?"]
[Date "1981.??.??"]
[Round "?.2"]
[White "Kavalek, L."]
[Black "Vetter, H."]
[Result "1-0"]
[WhiteElo "2595"]
[BlackElo "2250"]
[PlyCount "49"]
[EventDate "1981.??.??"]

1. c4 Nf6 2. Nc3 e6 3. Nf3 c5 4. g3 d5 5. cxd5 Nxd5 6. Bg2 Nc6 7. O-O Be7 8. d4
O-O 9. e4 Ndb4 10. dxc5 Nd3 11. Qe2 Nxc5 12. Rd1 Qa5 13. Be3 b6 14. a3 Na4 15.
Na2 Ba6 16. Qc2 Rac8 17. b4 Qb5 18. Bf1 Ne5 19. Bxb5 Nxf3+ 20. Kg2 Rxc2 21.
Bxa4 Rb2 22. b5 Bb7 23. Kxf3 f5 24. Rd2 Bxe4+ 25. Ke2 1-0

[Event "BL 8182 Solingen-Düsseldorf"]
[Site "?"]
[Date "1981.??.??"]
[Round "?.4"]
[White "Lau, R."]
[Black "Schiffer, K."]
[Result "1-0"]
[WhiteElo "2405"]
[BlackElo "2365"]
[PlyCount "143"]
[EventDate "1981.??.??"]

1. d4 d6 2. e4 c6 3. c4 e5 4. Nf3 Qc7 5. Nc3 Nf6 6. Be2 Be7 7. O-O O-O 8. Qc2
a6 9. a3 Bg4 10. Be3 Nbd7 11. Rac1 Rfc8 12. h3 Bh5 13. Rfe1 b5 14. dxe5 dxe5
15. Nd2 Bg6 16. b4 c5 17. Qb3 bxc4 18. Bxc4 cxb4 19. axb4 Qd6 20. Na2 Bd8 21.
Bd3 Nh5 22. Nc4 Qe6 23. Na5 Qf6 24. Rxc8 Rxc8 25. Nc3 Nf4 26. Nd5 Nxd5 27. Qxd5
Nf8 28. Qb7 Rc3 29. Bxa6 Ra3 30. Rd1 h6 31. Bc4 Kh7 32. Bc5 Ne6 33. Bxe6 fxe6
34. Nc4 Ra2 35. Qd7 Ra8 36. f3 Qg5 37. Qd2 Qh5 38. Be3 Be8 39. Nd6 Ba4 40. Ra1
Be7 41. Bc5 Bg5 42. Qe2 Be7 43. Nc4 Bh4 44. g3 Bd8 45. Kh2 Bc6 46. Rxa8 Bxa8
47. b5 Qe8 48. Nd6 Qd7 49. Qd2 Be7 50. b6 Qc6 51. Qb4 Bxd6 52. Bxd6 Qc2+ 53.
Kg1 Qd1+ 54. Kf2 Qc2+ 55. Ke1 Qc1+ 56. Ke2 Qc2+ 57. Qd2 Qc4+ 58. Kf2 Bb7 59.
Bxe5 Qc5+ 60. Bd4 Qd6 61. Be3 Qc6 62. g4 Ba6 63. Kg3 Qb5 64. Bf2 h5 65. Qd6
hxg4 66. hxg4 Qb3 67. Qf8 Qb2 68. Qf7 e5 69. g5 Qd2 70. Qh5+ Kg8 71. Qe8+ Kh7
72. Qxe5 1-0

[Event "BL 8182 Solingen-Düsseldorf"]
[Site "?"]
[Date "1981.??.??"]
[Round "?.6"]
[White "Lehmann, H."]
[Black "Schlaugat, M."]
[Result "1/2-1/2"]
[WhiteElo "2335"]
[BlackElo "2250"]
[PlyCount "43"]
[EventDate "1981.??.??"]

1. d4 d5 2. c4 e6 3. Nc3 Nf6 4. Bg5 Be7 5. Nf3 O-O 6. Rc1 Nbd7 7. e3 h6 8. Bh4
c6 9. Bd3 dxc4 10. Bxc4 Nd5 11. Bg3 Nxc3 12. bxc3 c5 13. O-O a6 14. e4 b5 15.
Bd3 Nb6 16. Bb1 f5 17. Be5 Nc4 18. Qe2 Ra7 19. Rfd1 Rd7 20. a4 Bb7 21. Ba2 fxe4
22. Bxc4 1/2-1/2

[Event "BL 8182 Bochum-Porz"]
[Site "?"]
[Date "1981.??.??"]
[Round "?.2"]
[White "Borik, O."]
[Black "Miles, A."]
[Result "1/2-1/2"]
[WhiteElo "2410"]
[BlackElo "2565"]
[PlyCount "46"]
[EventDate "1981.??.??"]

1. d4 Nf6 2. c4 e6 3. Nc3 Bb4 4. e3 c5 5. Nge2 cxd4 6. exd4 Ne4 7. Qc2 d5 8. a3
Nxc3 9. Nxc3 Be7 10. cxd5 exd5 11. Nxd5 Nc6 12. Nxe7 Qxe7+ 13. Be3 Nxd4 14. Qc3
Ne6 15. Be2 O-O 16. O-O b6 17. Qb4 Qf6 18. a4 Bb7 19. a5 Rab8 20. axb6 axb6 21.
Rfd1 Rfc8 22. Bf1 Rc2 23. Qd6 Rd8 1/2-1/2

[Event "BL 8182 Bochum-Porz"]
[Site "?"]
[Date "1981.??.??"]
[Round "?.3"]
[White "Reefschlaeger, H."]
[Black "Budde, V."]
[Result "1-0"]
[WhiteElo "2410"]
[BlackElo "2355"]
[PlyCount "99"]
[EventDate "1981.??.??"]

1. d4 Nf6 2. c4 g6 3. g3 Bg7 4. Bg2 d5 5. Nf3 O-O 6. O-O dxc4 7. Na3 c3 8. bxc3
c5 9. Nc4 Nc6 10. e3 Be6 11. Nfe5 Nd5 12. Nxc6 bxc6 13. Qd2 cxd4 14. cxd4 c5
15. Bb2 Nf4 16. gxf4 Bxc4 17. Rfc1 Bd5 18. Rxc5 Bxg2 19. Kxg2 Qd7 20. f3 Rfc8
21. Rac1 Rxc5 22. Rxc5 Rc8 23. Rxc8+ Qxc8 24. d5 Bxb2 25. Qxb2 Qc7 26. Qd2 f6
27. Qb2 Kg7 28. Qd2 Kf7 29. e4 a6 30. h4 h6 31. f5 g5 32. Kh3 Qb6 33. Qg2 Qe3
34. Qg4 Ke8 35. hxg5 hxg5 36. Qg3 a5 37. Kg4 a4 38. d6 Qc5 39. dxe7 Qxe7 40.
Qb8+ Kf7 41. Qh2 Kg7 42. Qh5 Qe5 43. Qg6+ Kf8 44. Qh6+ Kf7 45. Qh7+ Ke8 46. Kh5
Qc3 47. Kg6 Qxf3 48. Qf7+ Kd8 49. Qxf6+ Kc7 50. Qe5+ 1-0

[Event "BL 8182 Bochum-Porz"]
[Site "?"]
[Date "1981.??.??"]
[Round "?.4"]
[White "Paulsen, D."]
[Black "Schmidt, B."]
[Result "0-1"]
[WhiteElo "2290"]
[BlackElo "2360"]
[PlyCount "96"]
[EventDate "1981.??.??"]

1. d4 d5 2. c4 c6 3. Nf3 Nf6 4. Nc3 e6 5. g3 Nbd7 6. Bg2 Be7 7. O-O O-O 8. Qc2
b6 9. b3 Ba6 10. Bb2 Rc8 11. Rfd1 dxc4 12. Ne5 Nxe5 13. dxe5 Nd7 14. Ne4 Qc7
15. Nd6 Rcd8 16. f4 Nc5 17. Nxc4 Nb7 18. Be4 g6 19. Kg2 Rxd1 20. Rxd1 Rd8 21.
Rxd8+ Nxd8 22. Bf3 Bxc4 23. Qxc4 Qd7 24. Bd4 c5 25. Be3 Nc6 26. Be4 Nd4 27. Bf2
Qb5 28. e3 Qxc4 29. bxc4 Nf5 30. g4 Ng7 31. Bc6 Kf8 32. e4 Bd8 33. Kf3 Ne8 34.
Ke2 Nc7 35. a3 Be7 36. f5 Bg5 37. Bg3 Bc1 38. a4 Na6 39. Bd7 Ke7 40. Bc8 Nb4
41. Bh4+ g5 42. Bg3 Nc6 43. Bb7 Na5 44. Ba6 Kd8 45. Bb5 Nb3 46. Kd3 Nd4 47. Ba6
Nc6 48. Bb5 Nb4+ 0-1

[Event "BL 8182 Bochum-Porz"]
[Site "?"]
[Date "1981.??.??"]
[Round "?.5"]
[White "Ostermeyer, P."]
[Black "Wittmann, R."]
[Result "1-0"]
[WhiteElo "2415"]
[BlackElo "2325"]
[PlyCount "69"]
[EventDate "1981.??.??"]

1. Nf3 g6 2. d4 Bg7 3. e4 c5 4. d5 d6 5. c4 Nf6 6. Nc3 O-O 7. Be2 Na6 8. O-O
Nc7 9. Bg5 h6 10. Bf4 a6 11. a4 Rb8 12. h3 Bd7 13. e5 Nfe8 14. Qd2 Kh7 15. Bd3
b5 16. axb5 axb5 17. e6 fxe6 18. Nh4 bxc4 19. Bxg6+ Kg8 20. Bxh6 exd5 21. Nxd5
Nxd5 22. Qxd5+ e6 23. Qh5 Nf6 24. Qg5 Bxh6 25. Qxh6 Qe7 26. Ra3 Qg7 27. Qd2 Rb3
28. Rxb3 cxb3 29. Qxd6 Nd5 30. Rd1 Bc8 31. Rxd5 exd5 32. Qxd5+ Rf7 33. Qxb3 Qf6
34. Bxf7+ Qxf7 35. Qxf7+ 1-0

[Event "BL 8182 Bochum-Porz"]
[Site "?"]
[Date "1981.??.??"]
[Round "?.6"]
[White "Bachmann, K."]
[Black "Dankert, P."]
[Result "1/2-1/2"]
[WhiteElo "2295"]
[BlackElo "2380"]
[PlyCount "116"]
[EventDate "1981.??.??"]

1. g3 Nf6 2. c4 e5 3. Bg2 Nc6 4. Nf3 d6 5. Nc3 g6 6. d3 Bg7 7. Rb1 a5 8. a3 O-O
9. O-O h6 10. b4 axb4 11. axb4 Be6 12. b5 Ne7 13. e4 Kh7 14. Bd2 Qd7 15. Nd5 b6
16. Qb3 Nexd5 17. cxd5 Bh3 18. Rfc1 Bxg2 19. Kxg2 Ra7 20. Ne1 Ng8 21. Ra1 Rfa8
22. Rxa7 Rxa7 23. Nc2 h5 24. Ra1 Rxa1 25. Nxa1 f5 26. f3 Bh6 27. Bxh6 Kxh6 28.
Nc2 Ne7 29. Qc4 g5 30. Nb4 f4 31. gxf4 gxf4 32. Nc2 Ng6 33. Ne1 Nh4+ 34. Kg1
Ng6 35. Qc6 Qd8 36. Ng2 h4 37. h3 Ne7 38. Qc4 Qd7 39. Kh2 Ng6 40. Qc6 Qd8 41.
Kg1 Kh5 42. Qc1 Qd7 43. Kh2 Kh6 44. Qc6 Qe7 45. Kg1 Qd8 46. Qc4 Qd7 47. Kh2 Qe7
48. Kg1 Nh8 49. Qc1 Kh5 50. d4 Ng6 51. dxe5 dxe5 52. Qc6 Kh6 53. Kf1 Kg7 54.
Ne1 Nh8 55. Nd3 Nf7 56. Nf2 Qd6 57. Ng4 Kf8 58. Qc3 Qc5 1/2-1/2

[Event "BL 8182 Düsseldorf-Bochum"]
[Site "?"]
[Date "1981.??.??"]
[Round "?.1"]
[White "Schussler, H."]
[Black "Backwinkel, P."]
[Result "1-0"]
[WhiteElo "2495"]
[BlackElo "2275"]
[PlyCount "95"]
[EventDate "1981.??.??"]

1. Nf3 Nf6 2. c4 d6 3. g3 g6 4. Bg2 Bg7 5. O-O O-O 6. Nc3 c6 7. d3 Qa5 8. h3
Qh5 9. Ng5 Na6 10. Rb1 Bh8 11. g4 Nxg4 12. hxg4 Bxg4 13. Nf3 f5 14. d4 e5 15.
dxe5 dxe5 16. Nh2 e4 17. Nxg4 Qxg4 18. Qd6 Rae8 19. Qf4 Qh5 20. Qh6 Qg4 21. Qf4
Qh5 22. Qg5 Qxg5 23. Bxg5 Nc7 24. Bf4 Ne6 25. Bd6 Rf7 26. Rbd1 g5 27. c5 h5 28.
e3 g4 29. Rfe1 Ng5 30. Bf4 Nf3+ 31. Bxf3 exf3 32. Rd6 Be5 33. Bxe5 Rxe5 34.
Red1 Rxc5 35. Rh6 f4 36. exf4 Kg7 37. Re6 Rcf5 38. Ne4 Rxf4 39. Ng3 Rc4 40.
Nxh5+ Kh7 41. Nf6+ Kg6 42. Nxg4+ Kh5 43. Nf6+ Kg6 44. Ne4+ Kh5 45. Ng3+ Kg5 46.
Re5+ Kf4 47. Rde1 Rg7 48. R5e4+ 1-0

[Event "BL 8182 Düsseldorf-Bochum"]
[Site "?"]
[Date "1981.??.??"]
[Round "?.2"]
[White "Vetter, H."]
[Black "Borik, O."]
[Result "0-1"]
[WhiteElo "2250"]
[BlackElo "2410"]
[PlyCount "58"]
[EventDate "1981.??.??"]

1. e4 c5 2. c3 g6 3. d4 cxd4 4. cxd4 d5 5. exd5 Nf6 6. Bb5+ Nbd7 7. Nc3 Bg7 8.
d6 e6 9. Nf3 O-O 10. O-O Nb6 11. Be2 Qxd6 12. Ne5 Nbd5 13. Nb5 Qb8 14. Bf3 a6
15. Nc3 Qd6 16. Qe2 b5 17. Bg5 Bb7 18. Bxf6 Bxf6 19. Ne4 Qe7 20. Nxf6+ Nxf6 21.
Rac1 Nd5 22. Nd3 Rad8 23. Nc5 Rd6 24. Qe4 Rfd8 25. Rfd1 Bc6 26. Qe5 Nb4 27. Rc3
Bxf3 28. Rxf3 Nc6 29. Qg3 Nxd4 0-1

[Event "BL 8182 Düsseldorf-Bochum"]
[Site "?"]
[Date "1981.??.??"]
[Round "?.4"]
[White "Schiffer, K."]
[Black "Paulsen, D."]
[Result "0-1"]
[WhiteElo "2365"]
[BlackElo "2290"]
[PlyCount "100"]
[EventDate "1981.??.??"]

1. d4 g6 2. e4 Bg7 3. c4 Nc6 4. Be3 e5 5. Ne2 d6 6. d5 Nce7 7. Nbc3 f5 8. f3
Bh6 9. Qc1 Bxe3 10. Qxe3 Nf6 11. h3 f4 12. Qf2 g5 13. c5 Kf7 14. Nc1 h5 15. Nb3
a6 16. O-O-O Bd7 17. Kb1 b5 18. Na5 b4 19. Ne2 Qb8 20. Nc1 Qa7 21. Ncb3 Ba4 22.
Rc1 Bxb3 23. Nxb3 a5 24. Qe2 Nd7 25. cxd6 cxd6 26. h4 gxh4 27. Qe1 Rac8 28.
Rxc8 Rxc8 29. Qxh4 Nf6 30. Qh3 a4 31. Qe6+ Kg6 32. Nc1 Qf2 33. Be2 Qc5 34. Bd3
Rc7 35. Ne2 b3 36. axb3 axb3 37. Rc1 Qe3 38. Bb5 Rb7 39. Rc3 Qf2 40. Bd3 Kg7
41. Qxd6 Ng6 42. Qc6 Rf7 43. d6 Qxg2 44. Rxb3 h4 45. Rb7 Rxb7 46. Qxb7+ Kh6 47.
Qf7 Kg5 48. d7 Nxd7 49. Qxd7 h3 50. Qf5+ Kh6 0-1

[Event "BL 8182 Düsseldorf-Bochum"]
[Site "?"]
[Date "1981.??.??"]
[Round "?.6"]
[White "Schlaugat, M."]
[Black "Bachmann, K."]
[Result "1/2-1/2"]
[WhiteElo "2250"]
[BlackElo "2295"]
[PlyCount "26"]
[EventDate "1981.??.??"]

1. b3 d5 2. Bb2 Bf5 3. e3 e6 4. Nf3 Nd7 5. d4 c6 6. Bd3 Ngf6 7. O-O Bd6 8. Nbd2
O-O 9. Qe2 Qe7 10. e4 dxe4 11. Nxe4 Nxe4 12. Bxe4 Bxe4 13. Qxe4 Ba3 1/2-1/2

[Event "BL 8182 Porz-Solingen"]
[Site "?"]
[Date "1981.??.??"]
[Round "?.2"]
[White "Miles, A."]
[Black "Kavalek, L."]
[Result "1-0"]
[WhiteElo "2565"]
[BlackElo "2595"]
[PlyCount "69"]
[EventDate "1981.??.??"]

1. g3 g6 2. Bg2 Bg7 3. d4 Nf6 4. e4 d6 5. Ne2 O-O 6. O-O e5 7. h3 Nbd7 8. Nbc3
Re8 9. Be3 b6 10. g4 h5 11. g5 Nh7 12. h4 Bb7 13. Qd2 f6 14. f4 exf4 15. Nxf4
fxg5 16. hxg5 Ndf8 17. Rf2 c5 18. Raf1 Ba6 19. Rd1 cxd4 20. Bxd4 Be5 21. Ncd5
Bb7 22. Rdf1 Bxd4 23. Qxd4 Re5 24. Qc4 Kh8 25. Nd3 Bxd5 26. exd5 Nd7 27. Qc6
Rxg5 28. Qxd6 Ndf6 29. Rxf6 Nxf6 30. Rxf6 Qxd6 31. Rxd6 Re8 32. Nf4 Rg4 33. Re6
Rg8 34. Nd3 Rc8 35. c3 1-0

[Event "BL 8182 Porz-Solingen"]
[Site "?"]
[Date "1981.??.??"]
[Round "?.4"]
[White "Schmidt, B."]
[Black "Lau, R."]
[Result "1/2-1/2"]
[WhiteElo "2360"]
[BlackElo "2405"]
[PlyCount "35"]
[EventDate "1981.??.??"]

1. d4 Nf6 2. Nf3 g6 3. c4 Bg7 4. Nc3 d5 5. cxd5 Nxd5 6. Bd2 Nb6 7. e3 O-O 8.
Rc1 c6 9. Be2 N8d7 10. Ne4 Nd5 11. Nc3 Nc7 12. O-O e5 13. b4 exd4 14. Nxd4 Nb6
15. Nb3 Qe7 16. Nc5 Rd8 17. Qe1 Ne6 18. N3a4 1/2-1/2

[Event "BL 8182 Porz-Solingen"]
[Site "?"]
[Date "1981.??.??"]
[Round "?.5"]
[White "Dueball, J."]
[Black "Ostermeyer, P."]
[Result "1/2-1/2"]
[WhiteElo "2455"]
[BlackElo "2415"]
[PlyCount "51"]
[EventDate "1981.??.??"]

1. e4 c5 2. Nf3 e6 3. d3 d5 4. Nbd2 Nf6 5. g3 b5 6. Bg2 Bb7 7. O-O Be7 8. Re1
O-O 9. e5 Nfd7 10. h4 Nc6 11. Nf1 b4 12. N1h2 a5 13. Bf4 a4 14. a3 Nb6 15. Ng5
Nd4 16. c3 Nf5 17. Ng4 Ba6 18. Ne3 Nxe3 19. Bxe3 bxc3 20. bxc3 Rb8 21. Bf4 h6
22. Nf3 Nd7 23. Bf1 Rb3 24. c4 Nb6 25. Nd2 Rc3 26. Nb1 1/2-1/2

[Event "BL 8182 Porz-Solingen"]
[Site "?"]
[Date "1981.??.??"]
[Round "?.6"]
[White "Dankert, P."]
[Black "Lehmann, H."]
[Result "1/2-1/2"]
[WhiteElo "2380"]
[BlackElo "2335"]
[PlyCount "49"]
[EventDate "1981.??.??"]

1. e4 c5 2. Nf3 e6 3. b3 Nf6 4. e5 Nd5 5. Bb2 Be7 6. c4 Nc7 7. Be2 O-O 8. O-O
Nc6 9. d4 cxd4 10. Nxd4 Nxe5 11. Nxe6 dxe6 12. Bxe5 Na6 13. Qc1 Qb6 14. Qb2 f6
15. Bd4 Bc5 16. Bxc5 Nxc5 17. Nc3 a5 18. Rfd1 Bd7 19. Qc1 a4 20. Rb1 axb3 21.
axb3 Qb4 22. Qe3 Bc6 23. Na4 Nxa4 24. Qxe6+ Kh8 25. bxa4 1/2-1/2

[Event "BL 8182 Porz-Solingen"]
[Site "?"]
[Date "1981.??.??"]
[Round "?.7"]
[White "Borngaesser, R."]
[Black "Staller, P."]
[Result "1/2-1/2"]
[WhiteElo "2320"]
[BlackElo "2360"]
[PlyCount "54"]
[EventDate "1981.??.??"]

1. e4 e5 2. Nf3 Nc6 3. Bc4 Bc5 4. Nc3 Nf6 5. d3 d6 6. Bg5 Na5 7. Bb3 Bb4 8. O-O
Bxc3 9. bxc3 h6 10. Bd2 Nxb3 11. axb3 O-O 12. c4 Ne8 13. Bc3 f5 14. exf5 Bxf5
15. Nd2 Qg5 16. Qf3 c6 17. Qe3 Qxe3 18. fxe3 c5 19. b4 b6 20. b5 Nc7 21. Ra3 a6
22. bxa6 Rxa6 23. Rxa6 Nxa6 24. Rb1 Rb8 25. Ra1 Ra8 26. Rb1 Rb8 27. Ra1 Ra8
1/2-1/2

[Event "BL 8182 Porz-Solingen"]
[Site "?"]
[Date "1981.??.??"]
[Round "?.8"]
[White "Troeger, P."]
[Black "Bilek, M."]
[Result "1/2-1/2"]
[WhiteElo "2325"]
[BlackElo "2280"]
[PlyCount "93"]
[EventDate "1981.??.??"]

1. d4 c5 2. c3 e6 3. Nf3 Nf6 4. e3 b6 5. Nbd2 Be7 6. Bd3 Ba6 7. Bxa6 Nxa6 8.
O-O O-O 9. Qe2 Qc8 10. e4 d5 11. exd5 Nxd5 12. Ne4 cxd4 13. Nxd4 Nc5 14. Nxc5
Bxc5 15. Nf3 Qc7 16. c4 Nb4 17. Qe4 Qc6 18. Qxc6 Nxc6 19. b3 Rfd8 20. Bb2 Nb4
21. Bc3 a5 22. Ne1 f6 23. g3 e5 24. a4 Bd4 25. Bxd4 Rxd4 26. Rc1 Na6 27. f3 Nc5
28. Rb1 Rd2 29. Rf2 Rad8 30. Rxd2 Rxd2 31. h4 Kf7 32. Kf1 g6 33. b4 Nxa4 34.
bxa5 bxa5 35. Rb5 Nb2 36. Rxa5 Nxc4 37. Ra7+ Kg8 38. Ng2 Nd6 39. Ne3 Nb5 40.
Rb7 Nd6 41. Ra7 f5 42. Ke1 Rb2 43. Nd5 Rb7 44. Rxb7 Nxb7 45. Nf6+ Kg7 46. Nd7
Kf7 47. Nxe5+ 1/2-1/2

[Event "BL 8182 Kettig-Erlangen"]
[Site "?"]
[Date "1981.??.??"]
[Round "?.1"]
[White "Feustel, B."]
[Black "Weidemann, J."]
[Result "1-0"]
[WhiteElo "2375"]
[BlackElo "2285"]
[PlyCount "71"]
[EventDate "1981.??.??"]

1. g3 d5 2. Bg2 c6 3. Nf3 Bf5 4. O-O Nf6 5. b3 h6 6. Bb2 e6 7. d3 Be7 8. Nbd2
O-O 9. c4 a5 10. a3 Nbd7 11. Ra2 Qb8 12. Qa1 Bd6 13. e4 dxe4 14. dxe4 Nxe4 15.
Bxg7 Re8 16. Bxh6 Nef6 17. Re1 e5 18. Nh4 Bh7 19. Qc1 Kh8 20. Ne4 Ng8 21. Ng5
Nxh6 22. Nxh7 Ng8 23. Be4 Nc5 24. Ng5 Nh6 25. Qd1 Kg7 26. Qh5 Qc7 27. Ngf3 Nxe4
28. Rxe4 Re6 29. Kg2 Rae8 30. g4 Kf8 31. Ng5 Ng8 32. Nf5 Rd8 33. Rd2 Rg6 34. h4
Ke8 35. Qh8 Bf8 36. Rxe5+ {ZÜ} 1-0

[Event "BL 8182 Kettig-Erlangen"]
[Site "?"]
[Date "1981.??.??"]
[Round "?.2"]
[White "Marian, R."]
[Black "Heidrich, M."]
[Result "1-0"]
[WhiteElo "2250"]
[BlackElo "2225"]
[PlyCount "100"]
[EventDate "1981.??.??"]

1. d4 d5 2. Nf3 c5 3. dxc5 e6 4. e4 Bxc5 5. exd5 exd5 6. Bb5+ Nc6 7. O-O Nge7
8. Nbd2 O-O 9. Nb3 Bd6 10. Nfd4 Qc7 11. h3 Bd7 12. Bg5 Rfe8 13. c3 Ne5 14. Qc2
Nc4 15. Bxd7 Qxd7 16. Bxe7 Qxe7 17. Nd2 Qe5 18. N2f3 Qf4 19. Rfe1 Bc5 20. Re2
Bxd4 21. Nxd4 Re4 22. Rae1 Rae8 23. Qa4 h6 24. Qxe8+ Rxe8 25. Rxe8+ Kh7 26.
R8e2 Nd6 27. Rd1 Ne4 28. Nf3 Qf5 29. Ne1 g5 30. Nc2 Nf6 31. Ne3 Qe5 32. Red2 h5
33. Nxd5 g4 34. Nxf6+ Qxf6 35. Rd5 Qg6 36. hxg4 hxg4 37. R1d4 g3 38. fxg3 Qxg3
39. Rd3 Qe1+ 40. Kh2 Kg7 41. Rf5 Qc1 42. Rg3+ Kf8 43. Rgf3 Qh6+ 44. Kg3 Qd6+
45. R3f4 Qd3+ 46. Kh2 Qc2 47. Rf2 Qd1 48. Rxf7+ Kg8 49. R7f4 Qd6 50. R2f3 Qh6+
1-0

[Event "BL 8182 Kettig-Erlangen"]
[Site "?"]
[Date "1981.??.??"]
[Round "?.4"]
[White "Holfelder, J."]
[Black "Tischer, G."]
[Result "0-1"]
[WhiteElo "2235"]
[BlackElo "2275"]
[PlyCount "142"]
[EventDate "1981.??.??"]

1. c4 e5 2. Nc3 Nf6 3. Nf3 Nc6 4. g3 g6 5. Bg2 Bg7 6. d4 exd4 7. Nxd4 Nxd4 8.
Qxd4 d6 9. b3 O-O 10. Bb2 a5 11. O-O Nd7 12. Qd2 Nc5 13. Nd5 Bxb2 14. Qxb2 f5
15. a3 c6 16. Nf4 Qe7 17. b4 Ne4 18. b5 Be6 19. Nxe6 Qxe6 20. Qd4 Rac8 21. Rac1
Nc5 22. bxc6 bxc6 23. Rb1 Rfd8 24. Rb6 Qxe2 25. Bxc6 Qe5 26. Qd2 a4 27. Re1 Qf6
28. Rb4 Rc7 29. Re3 Kg7 30. Bxa4 f4 31. Rf3 g5 32. Bc2 Rf7 33. Rb6 Nd7 34. Rb7
Ne5 35. Rxf7+ Qxf7 36. Rb3 Rd7 37. Be4 Qxc4 38. Qd5 Qe2 39. Bf3 Qe1+ 40. Kg2
Rf7 41. g4 Nxf3 42. Rxf3 Qe5 43. Qxe5+ dxe5 44. Rb3 Ra7 45. Kf3 Ra4 46. Ke2 e4
47. Rc3 h6 48. Rb3 Kf6 49. Rb6+ Ke5 50. Rb3 Kd4 51. Kd2 Ke5 52. Ke2 Kd4 53. Kd2
Rc4 54. Rb2 Rc5 55. Rb3 Rd5 56. Ke1 Kc4 57. Rb4+ Kd3 58. a4 f3 59. Rb5 Rd4 60.
a5 Ra4 61. Rd5+ Kc4 62. Re5 Kd4 63. Rb5 Ra1+ 64. Kd2 Rf1 65. Rb4+ Ke5 66. Ra4
Rxf2+ 67. Kc3 e3 68. Kd3 e2 69. Re4+ Kd5 70. a6 Rf1 71. a7 Ra1 0-1

[Event "BL 8182 Frankfurt-Markth'feld"]
[Site "?"]
[Date "1981.??.??"]
[Round "?.1"]
[White "Bartsch, B."]
[Black "Sosonko, G."]
[Result "0-1"]
[WhiteElo "2265"]
[BlackElo "2585"]
[PlyCount "78"]
[EventDate "1981.??.??"]

1. e4 c5 2. Nc3 Nc6 3. g3 g6 4. Bg2 Bg7 5. d3 Rb8 6. Be3 d6 7. a4 a6 8. f4 Nf6
9. h3 O-O 10. Nge2 Bd7 11. O-O b5 12. axb5 axb5 13. Qd2 b4 14. Nd1 Qb6 15. g4
Nd4 16. Ng3 Bc6 17. f5 Nd7 18. Kh2 b3 19. c3 Nc2 20. Rb1 Nxe3 21. Nxe3 Bh6 22.
h4 Bg7 23. g5 h5 24. gxh6 Bxh6 25. h5 Nf6 26. Bh3 c4 27. d4 Nxe4 28. Nxe4 Bxe4
29. Rbe1 d5 30. Qf2 Qc7+ 31. Kg1 gxh5 32. Qh4 Kh7 33. Qxh5 Qg3+ 34. Bg2 Rg8 35.
Rf2 Rg5 36. Qxf7+ Rg7 37. Qh5 Rbg8 38. f6 exf6 39. Nxd5 Qxf2+ 0-1

[Event "BL 8182 Frankfurt-Markth'feld"]
[Site "?"]
[Date "1981.??.??"]
[Round "?.2"]
[White "Lobron, E."]
[Black "Riefner, E."]
[Result "1-0"]
[WhiteElo "2395"]
[BlackElo "2245"]
[PlyCount "101"]
[EventDate "1981.??.??"]

1. e4 e6 2. d4 d5 3. Nd2 Nf6 4. e5 Nfd7 5. Bd3 c5 6. c3 Nc6 7. Ne2 cxd4 8. cxd4
f6 9. exf6 Nxf6 10. O-O Bd6 11. Nf3 O-O 12. Bf4 Bxf4 13. Nxf4 Ne4 14. Ne2 Rxf3
15. gxf3 Ng5 16. Kh1 Qf6 17. f4 Nh3 18. Bxh7+ Kxh7 19. Qd3+ Qf5 20. Qxf5+ exf5
21. Kg2 Nxd4 22. Nxd4 Nxf4+ 23. Kf3 Nd3 24. Rg1 b6 25. Rg3 Ba6 26. Rag1 Ne5+
27. Ke3 Ng4+ 28. Kd2 g6 29. Ra3 Bc8 30. f3 Ne5 31. Rc3 Nc4+ 32. Kc1 Bd7 33. Re1
Re8 34. Rxe8 Bxe8 35. b3 Nd6 36. Rc7+ Kh6 37. Rxa7 Kg5 38. Re7 Nb5 39. Ne6+ Kf6
40. Rxe8 Nd6 41. Nc7 Nxe8 42. Nxe8+ Ke5 43. Kd2 Kf4 44. Nc7 Kxf3 45. Nxd5 g5
46. a4 f4 47. b4 Kg2 48. a5 bxa5 49. bxa5 f3 50. a6 Kxh2 51. a7 1-0

[Event "BL 8182 Frankfurt-Markth'feld"]
[Site "?"]
[Date "1981.??.??"]
[Round "?.4"]
[White "Podzielny, K."]
[Black "Jahr, U."]
[Result "1/2-1/2"]
[WhiteElo "2405"]
[BlackElo "2215"]
[PlyCount "106"]
[EventDate "1981.??.??"]

1. Nf3 f5 2. b3 d6 3. d4 g6 4. Bb2 Bg7 5. e3 c6 6. Nbd2 Nf6 7. Bd3 O-O 8. O-O
Qc7 9. Re1 d5 10. c4 e6 11. b4 Nbd7 12. Rc1 a6 13. a4 b6 14. Qb3 Bb7 15. cxd5
exd5 16. Ne5 Qd6 17. f4 Rfc8 18. Rc2 Bf8 19. Bc3 Rab8 20. Qa2 c5 21. bxc5 bxc5
22. dxc5 Rxc5 23. Rb1 Rxc3 24. Rxc3 Nxe5 25. fxe5 Qxe5 26. Rcb3 Qxe3+ 27. Kf1
Ng4 28. Nf3 Bc5 29. Qe2 Re8 30. Qxe3 Nxe3+ 31. Ke2 Nxg2+ 32. Kd2 Bc6 33. Rb8
Bxa4 34. Rxe8+ Bxe8 35. Rb8 Kf7 36. Ne5+ Ke7 37. Bxa6 Bd6 38. Rb7+ Ke6 39. Nf3
h6 40. Bd3 Bc5 41. h4 Bc6 42. Rc7 Kd6 43. Rg7 Nf4 44. h5 gxh5 45. Bxf5 d4 46.
Ng1 Bb4+ 47. Kd1 d3 48. Bxd3 Nxd3 49. Rg6+ Kd5 50. Rxh6 Ke4 51. Rxc6 Bc5 52.
Nh3 Be3 53. Ke2 Nc1+ 1/2-1/2